Error Exponent Analysis Of Energy-Based Bayesian Decentralized Spectrum Sensing Under Fading (Record no. 233624)
[ view plain ]
| 000 -LEADER | |
|---|---|
| fixed length control field | 00993nam a2200145Ia 4500 |
| 008 - FIXED-LENGTH DATA ELEMENTS--GENERAL INFORMATION | |
| fixed length control field | 231221s9999 xx 000 0 und d |
| 041 ## - LANGUAGE CODE | |
| Language code of text/sound track or separate title | English |
| 082 ## - DEWEY DECIMAL CLASSIFICATION NUMBER | |
| Classification number | CPEC15-1098 |
| 100 ## - MAIN ENTRY--PERSONAL NAME | |
| Personal name | Sanjeev Gurugopinath. Chandra R,Murthy. Vinod Sharma. |
| 245 #0 - TITLE STATEMENT | |
| Title | Error Exponent Analysis Of Energy-Based Bayesian Decentralized Spectrum Sensing Under Fading |
| 260 ## - PUBLICATION, DISTRIBUTION, ETC. | |
| Date of publication, distribution, etc. | 2015 |
| 500 ## - GENERAL NOTE | |
| General note | Error Exponent Analysis Of Energy-Based Bayesian Decentralized Spectrum Sensing Under Fading Sanjeev Gurugopinath, Chandra R. Murthy, and Vinod Sharma Department of Electronics and Communication Engineering, PES Institute of Technology, Bangalore, INDIA Indian Institute of Science, Bangalore Email: sanjeevg@pes.edu, cmurthy@ece.iisc.ernet.in, vinod@ece.iisc.ernet.in Physical Communication, Volume 17, December 2015, pp. 94-106 |
| 650 ## - SUBJECT ADDED ENTRY--TOPICAL TERM | |
| Topical term or geographic name entry element | Error,Exponent,Energy-Based,Bayesian,Decentralized,Spectrum,Sensing,Under,Fading |
| 942 ## - ADDED ENTRY ELEMENTS (KOHA) | |
| Koha item type | Institutional repository |
| Date last seen | Total checkouts | Full call number | Accession number | Price effective from | Category | Lost status | Damaged status | Department | Withdrawn status | Home library | Current library | Shelving location | Entry date | Grants | Currency symbol | Conversion rate | Discount | Old discount |
|---|---|---|---|---|---|---|---|---|---|---|---|---|---|---|---|---|---|---|
| 26/01/2024 | CPEC15-1098 | IR1098 | 26/01/2024 | Institutional repository | EC | Central Library | Central Library | Central Library | EC | RS | 1 |
